zpět

Detail výsledku týmu

Šnyt, Šternberk

Datum a čas kvízu

20 Celkem bodů Celkový počet nahraných bodů na tomto kvízu bez doplňovacích otázek.
8. Pořadí na kvízu Konečné umístění týmu na tomto kvízu.

Zaznamenané odpovědi

# Otázka Odpověď Body Výsledky
1. Úředník obce Včelná na Českobu... Proti Adamu Vojtěchovi. 0
2. Na poznávacích značkách vozide... UK 1
3. Na filmovém festivalu ve franc... Jodie Fosterová 0
4. Jak se jmenuje britský miliard... Richard Branson 0
5. Čeští basketbalisté ovládli kv... Řecko 1
6. Letošní turnaj byl výjimečný v... Ázerbájdžán, Rumunsko 0.5
7. Patrik Schick vstřelil na turn... Chorvatska 1
8. Přiřaďte týmy k jejich umístěn... 1D 2A 3C 4B 0
9. Za půl bodu napište jméno česk... Tomáš Holeš, číslo 9 1
10. Neuvěřitelné štěstí měl sázkař... C 1